The BDA Guide to Successful Brickwork/ (Record no. 1797)
[ view plain ]
| 000 -LEADER | |
|---|---|
| fixed length control field | 00348 a2200121 4500 |
| 020 ## - INTERNATIONAL STANDARD BOOK NUMBER | |
| International Standard Book Number | 075066469X |
| 082 ## - DEWEY DECIMAL CLASSIFICATION NUMBER | |
| Classification number | 693.21 HOU |
| 100 ## - MAIN ENTRY--PERSONAL NAME | |
| Personal name | House, Woodside |
| 245 ## - TITLE STATEMENT | |
| Title | The BDA Guide to Successful Brickwork/ |
| Statement of responsibility, etc. | Woodside House, Winkfield , Windsor, Berk |
| 250 ## - EDITION STATEMENT | |
| Edition statement | 3rd ed |
| 260 ## - PUBLICATION, DISTRIBUTION, ETC. | |
| Place of publication, distribution, etc. | Amsterdam : |
| Name of publisher, distributor, etc. | Elsevier, |
| Date of publication, distribution, etc. | 2005 |
| 300 ## - PHYSICAL DESCRIPTION | |
| Extent | xvi, 242p. : |
| Other physical details | ill. ; |
| Dimensions | 27 cm |
| 650 ## - SUBJECT ADDED ENTRY--TOPICAL TERM | |
| Topical term or geographic name entry element | Brickwork |
| Withdrawn status | Lost status | Damaged status | Not for loan | Permanent Location | Current Location | Shelving location | Date acquired | Total Checkouts | Full call number | Barcode | Date last seen | Price effective from | Koha item type |
|---|---|---|---|---|---|---|---|---|---|---|---|---|---|
| School of Civil and Environmental Engineering (SCEE) | School of Civil and Environmental Engineering (SCEE) | 693.21 HOU | NIT-6262 | 01/05/2017 | 01/05/2017 | Book |
